| 000 | nam a22 a 4500 | ||
|---|---|---|---|
| 999 |
_c825 _d825 |
||
| 003 | AKMAL | ||
| 005 | 20170505141251.0 | ||
| 008 | 170505s1996 my 00 may d | ||
| 020 |
_a9839188623 (jil. 1 : kkt.): _cRM 7.50 |
||
| 040 | _aAKMAL | ||
| 082 | 0 | 4 | _a297.122 BEL |
| 090 |
_a297.122 _bBEL |
||
| 245 | 0 | 0 |
_aBelajar tajwid Al Qur'anul Karim : _bcara mudah dan tepat (edisi lengkap Resam Uthmani) / _cpenyusun Mahadi bin Haji Dahlan Al Hafiz |
| 260 |
_aKuala Lumpur : _bAl-Hidayah Publisher, _c1996 |
||
| 300 |
_a2 jil. ; _c24cm |
||
| 500 | _aMengandungi ayat-ayat dari al-Quran | ||
| 650 |
_aKoran _xReadings _91795 |
||
| 700 | 0 |
_aMahadi Dahlan, _d1964- _91787 |
|
| 942 |
_2ddc _cBOOK |
||